000 00353nam a2200133Ia 4500
003 GCL
008 140319s9999 xx 000 0 ara d
040 _aGCL /
_cGCL
082 0 4 _a824.008
_bب ر
245 1 0 _aروائع المقال
260 _a[S.N] :
_bالهيئة المصرية العامة للكتاب ،
_c1985
300 _a275 ص
490 _a
999 _c28740
_d28740